| 000 | 00699nam a22002291i 4500 | ||
|---|---|---|---|
| 001 | 18692 | ||
| 003 | ES-MaACL | ||
| 005 | 20251116063052.0 | ||
| 007 | t| | ||
| 008 | 020228s1978 sp ||||0| spa j | ||
| 016 | 7 | _zIND9200360680 | |
| 020 | _a84-233-0977-0 | ||
| 040 |
_aM-BN _bspa _cA2 |
||
| 080 | _a92 Giménez-Arnau, José Antonio | ||
| 100 | 1 |
_aGiménez-Arnau, J. A., _d1912-1985 _957030 |
|
| 245 | 1 | 0 |
_aMemorias de memoria _b: descifre vuecencia personalmente / _cJ.A. Giménez-Arnau. |
| 260 |
_aBarcelona : _bDestino, _c1978. |
||
| 300 |
_a375 p., 1 h., 18 h. con lám ; _c25 cm. |
||
| 500 | _aIndices. | ||
| 852 |
_aES-MaACL _jG-4655 _bR.130904 |
||
| 999 |
_c18692 _d18692 |
||